<Der> Einfluss des Markenartikels auf die Funktionen des Handels

Na minha lista:
Detalhes bibliográficos
Formato: Livro
Idioma:alemão
Publicado em: Wien [s.n.] 1933
Tags: Adicionar Tag
Sem tags, seja o primeiro a adicionar uma tag!

MARC

LEADER 00000nam a2200000 4500
001 0267907
005 20240822101711.0
041 0 |a ger 
044 |a AT 
245 1 0 |a <Der> Einfluss des Markenartikels auf die Funktionen des Handels  |c Otto Brueggl 
264 1 |a Wien  |b [s.n.]  |c 1933